LOTR: True or False? - Statistics

General Stats
  • This quiz has been taken 72 times
    70 since last reset
  • The average score is 9 of 14
Answer Stats
Question Answer % Correct
Gollum held the One Ring for longer than Bilbo True
95%
Aragorn is crowned king before the Ring is destroyed. False
89%
The One Ring was destroyed by Frodo throwing it into Mount Doom False
85%
Frodo puts on the Ring at Amon Hen True
80%
Gandalf is the leader of Maiar send to Middle Earth. False
77%
Frodo was more than 20 years older than Pippin True
66%
The Palantíri were created by Sauron False
63%
Eomer married the daughter of Imrahil True
62%
Aragorn looks into the Palantír before taking the Paths of the Dead True
58%
Boromir blows the Horn of Gondor on more than one occasion during the journey of the Fellowship True
54%
Sam enters Mordor as a Ring-Bearer True
51%
The Fellowship consists of nine members to match the nine Nazgûl True
51%
Theoden was the first of the Third Line of Kings in Rohan False
49%
Frodo first puts on the Ring after leaving the Shire False
26%
No matching quizzes found
Score Distribution
Percent of People with Each Score
Percentile by Number Answered
Your Score History
You have not taken this quiz since the last reset